Podmienky a dopady zavedenia eura v krajinách bývalej V4 bakalárska práca

Guardado en:
Detalles Bibliográficos
Autor principal: Moravčíková, Dominika
Autor Corporativo: Národohospodárska fakulta EU. Katedra hospodárskej politiky
Otros Autores: Veselovská, Stanislava, 1957-
Formato: Libro
Lenguaje:eslovaco
Publicado: Bratislava 2011
Etiquetas: Agregar Etiqueta
Sin Etiquetas, Sea el primero en etiquetar este registro!

MARC

LEADER 00000nbm a2200000 4500
001 0139813
005 20161109111648.2
041 0 |a slo 
044 |a SK 
245 1 0 |a Podmienky a dopady zavedenia eura v krajinách bývalej V4  |b bakalárska práca  |c Dominika Moravčíková ; školiteľ: Stanislava Veselovská 
264 1 |a Bratislava  |c 2011 
300 |a 51 s. 
100 1 |a Moravčíková, Dominika 
700 1 |a Veselovská, Stanislava, 1957- 
710 2 |a Národohospodárska fakulta EU. Katedra hospodárskej politiky